| 000 | 00499nam a2200181Ia 4500 | ||
|---|---|---|---|
| 008 | 240925s9999 xx 000 0 und d | ||
| 020 | _a9789387067097 | ||
| 082 | _a332.12 VIJ | ||
| 100 | _aVij, Madhu | ||
| 245 | 0 | _aMerchant Banking and Financial Services | |
| 250 | _a2nd | ||
| 260 |
_aNew Delhi: _bMcGraw Hill Education (India) Private Limited _c,2018. |
||
| 300 |
_a567p. _b0 _fOriginal |
||
| 500 | _aIncludes Index | ||
| 600 | _aSocial Sciences | ||
| 650 | _aSocial Sciences | ||
| 942 | _cBK | ||
| 999 |
_c16654 _d16654 |
||